|
|
|
|
| LEADER |
00000nam a22000007a 4500 |
| 005 |
2022051605325.0 |
| 007 |
cr|||| |||| |
| 008 |
220516s2021 ea |||||s|||| 00||0 spa d |
| 020 |
|
|
|a 978-84-123809-9-6
|
| 035 |
|
|
|a 35646
|
| 040 |
|
|
|a vLex
|
| 090 |
|
|
|c 13350
|d 13350
|
| 100 |
1 |
|
|a Pic ̤i Junoy, Joan
|
| 245 |
1 |
2 |
|a La prueba a debate
|h [Recurso electrn̤ico] :
|b Dil̀ogos hispano-cubanos /
|c Joan Pic ̤i Junoy, Carlos de Miranda Vz̀quez
|
| 256 |
|
|
|a Servicio en ln̕ea
|
| 260 |
|
|
|a Barcelona:
|b J.M. Bosch Editor,
|c 2021
|
| 300 |
|
|
|a 1 recurso electrn̤ico
|
| 500 |
|
|
|a La prueba, como actividad en la que se pretende convencer al juez sobre la certeza de los hechos controvertidos, es siempre muy compleja. Por ello es fundamental dominar todos los aspectos del derecho probatorio, mx̀ime cuando en ella radica el triunfo o fracaso de uno de los justiciables. Esta relevancia judicial de la actividad probatoria ha llevado al moderno constitucionalismo a prever en las Cartas Magnas un precepto dedicado al derecho a la prueba: ello sucede tanto en la Constitucin̤ espaǫla, con su art. 24.2, como con la ms̀ reciente de las constituciones latinoamericanas, la cubana, de 2019, con su art. 94.c. De esta forma, en ambos pas̕es, el derecho constitucional a la prueba exige una continua interpretacin̤ de la legalidad procesal acorde con el protagonismo que tiene este derecho. Esta obra de debate sobre el derecho probatorio es fruto del encuentro de diversos integrantes de la Asociacin̤ de Probt̀ica y Derecho Probatorio y de la mejor escuela procesalista cubana.
|
| 506 |
1 |
|
|a Disponible solo en los productos indicados
|d vLex Global
|d vLex Global (Academic Edition, excluding Law Schools)
|d vLex Global (U.S. Academic Edition, Law Schools)
|d vLex Global (U.S. Academic Edition, excluding Law Schools)
|d vLex Global (Academic Edition, Law Schools)
|
| 650 |
0 |
4 |
|a Derecho Procesal
|z Espaą
|
| 650 |
0 |
4 |
|a Procedimiento Civil
|z Espaą
|
| 700 |
1 |
|
|a de Miranda Vz̀quez, Carlos
|
| 740 |
0 |
|
|a vLex Libros (Servicio en ln̕ea)
|
| 856 |
4 |
0 |
|u https://app.vlex.com/#/sources/35646
|z Acceso restringido
|
| 942 |
|
|
|c BOOK
|
| 999 |
0 |
|
|a Procedural Law
|
| 999 |
0 |
|
|a Civil Procedure
|